00950 a2200205 4500003000500000005001700005010001700022020002600039040000900065082001600074100002100090245008600111260003600197300003500233490004700268505036600315650001700681650002600698700002000724Nust20230819091636.0 a 2010048281 a9780470540640 (cloth) cNust00a519.55, BIS1 aBisgaard, Soren,10aTime series analysis and forecasting by example /cSoren Bisgaard, Murat Kulahci. aHoboken, N.J. :bWiley,cc2011. axiii, 366 p. :bill. ;c25 cm.0 aWiley series in probability and statistics aTime Series Data Examples and Basic Concepts (Page-1), Visualizing Time Series Data Structure Graphical Tools (Page-21), Stationary Models (Page-47), No station Models (Page-79),Seasonal Models (Page-111), Time Series Model Selection (Page-135), Additional Issues in Anima Models (Page-177), Transfer Function Models (Page-203), Additional Topics (Page-263).  0aForecasting. 0aTime-series analysis.1 aKulahci, Murat.